000
00251nam a22001097a 4500
082
_a
623.74 AER'R
100
_a
ROYAL
_9
75799
245
_a
AERIAL VEHICLE PROPULSION AND POWERED LIFT
260
_a
BIRTINA
_b
ROYAL
_c
1981
300
_a
358P
942
_c
BK
999
_c
581204
_d
581204